LEADER 01338nam0-22003491i-450- 001 990007962730403321 005 20150224102821.0 035 $a000796273 035 $aFED01000796273 035 $a(Aleph)000796273FED01 035 $a000796273 100 $a20041129d2001----km-y0itay50------ba 101 0 $aita 102 $aIT 105 $a--------001cy 200 1 $aNon solo sfruttati o violenti$ebambini e adolescenti del 2000$erelazione sulla condizione dell'infanzia e dell'adolescenza in Italia$fcuratore scientifico Alfredo Carlo Moro 210 $a[Roma]$cPresidenza del Consiglio dei Ministri$d2001 215 $a358 p.$ctav.$d24 cm 300 $aSu cop. e front.: Presidenza del Consiglio dei Ministri. Dipartimento per gli affari sociali. Osservatorio nazionale per l'infanzia. Centro nazionale di documentazione e analisi per l'infanzia e l'adolescenza 610 0 $aBambini$aItalia$a2000 610 0 $aAdolescenti$aItalia$a2000 610 0 $aMinori$aTutela$aServizi Sociali$aItalia 676 $a305.230945$v21$zita 702 1$aMoro,$bAlfredo Carlo$f<1925-2005> 801 0$aIT$bUNINA$gRICA$2UNIMARC 901 $aBK 912 $a990007962730403321 952 $a305.23 MOR 1$b691$fBFS 952 $a305.23 MOR 1 BIS$fBFS 959 $aBFS 996 $aNon solo sfruttati o violenti$9747886 997 $aUNINA LEADER 01343nam 2200409 450 001 9910149524203321 005 20230807202755.0 010 $a1-57440-043-6 035 $a(CKB)4330000000012103 035 $a(MiAaPQ)EBC4537000 035 $a(EXLCZ)994330000000012103 100 $a20160626h20152015 uy 0 101 0 $aeng 135 $aurcnu|||||||| 181 $2rdacontent 182 $2rdamedia 183 $2rdacarrier 200 10$aInformation literacy efforts benchmarks /$fPrimary Research Group 205 $a2016 edition. 210 1$a[New York, New York] :$cPrimary Research Group Inc.,$d2015. 210 4$dİ2015 215 $a1 online resource (194 pages) $cillustrations, tables 311 $a1-57440-362-1 606 $aLibrary orientation for college students$zUnited States 606 $aInformation literacy$xStudy and teaching$zUnited States 606 $aAcademic libraries$zUnited States$xInformation services 615 0$aLibrary orientation for college students 615 0$aInformation literacy$xStudy and teaching 615 0$aAcademic libraries$xInformation services. 676 $a027.62 801 0$bMiAaPQ 801 1$bMiAaPQ 801 2$bMiAaPQ 906 $aBOOK 912 $a9910149524203321 996 $aInformation literacy efforts benchmarks$93415069 997 $aUNINA LEADER 01441nam0 22003613i 450 001 PUV0045620 005 20251003044310.0 010 $a0849342759 100 $a20071203d1990 ||||0itac50 ba 101 | $aeng 102 $aus 181 1$6z01$ai $bxxxe 182 1$6z01$an 200 1 $aMicroprocessors and microcomputer-based system design$fMohamed Rafiquzzaman 210 $aBoca Raton [etc.]$cCRC press, c199O 215 $aXVII, 1075 p.$d25 cm. 606 $aMicroprocessori$2FIR$3CFIC027016$9E 606 $aMicroelaboratori$xStruttura$2FIR$3NAPC221476$9I 676 $a004.16$9Elaborazione dei dati. Microelaboratori$v14 676 $a004.16$9cd 20$v22 696 $aMicroelaboratori elettronici$aPersonal computer$aPC 699 $aMicroelaboratori$zMicroelaboratori elettronici 699 $aMicroelaboratori$yPersonal computer 699 $aMicroelaboratori$yPC 700 1$aRafiquzzaman$b, Mohamed$3RAVV022048$4070$0543573 801 3$aIT$bIT-000000$c20071203 850 $aIT-BN0095 901 $bNAP 01$cSALA DING $n$ 912 $aPUV0045620 950 0$aBiblioteca Centralizzata di Ateneo$b1 v.$c1 v.$d 01SALA DING 004.16 RAF.mi$e 0102 0000004685 VMA A4 v. 1 (3. rist. 1991)$fY $h20071203$i20071203 977 $a 01 996 $aMicroprocessors and microcomputer-based system design$91574046 997 $aUNISANNIO